00891nam a22002297a 450000500170000001000260001702000260004303500130006903500140008203700130009608200120010910000270012124500390014826000400018727000530022730000430028050000400032394200260036399900170038995201200040695201350052620230925110106.0 aENG-112829 ENG-135847 a9789382711575c295.00 aEN-96361 aEN-119378 bDBAD/PUB a881.092 aBakaya, Santosh957358 aBallad of Bapu/cBy Santosh Bakaya aNew DelhibVitasta Publishingc2015 a2/15, Ansari Road, Daryaganj,bNew Delhie110002 axxvii, 317p.c 21cm(pbk)bBibliography aIncludes bibliographical references 2ddccENmBAKh881.092 c93946d93946 001040708NFICaBNbBNd2015-05-26eDBAD/PUBg295.00l0o881.092BAKpEN-96361r2015-05-26 00:00:00t1v295.00yEN 001040718NFICaDBADbMd2022-12-13eDBAD/PUBg295.00l0o881.092 BAKpEN-119378r2022-12-13 00:00:00t1v295.00w2022-12-13yEN